How Good Are Your Eyes? - Statistics

General Stats
  • This quiz has been taken 126 times
  • The average score is 20 of 20
Answer Stats
Word Word % Correct
Paid Paid
100%
Quiz Quiz
100%
Shoe Shoe
100%
Blue Blue
99%
Grip Grip
99%
Lick Lick
99%
Poem Poem
99%
Port Port
99%
Scam Scam
99%
Spin Spin
99%
Time Time
99%
Wail Wail
99%
Wear Wear
99%
Yaks Yaks
99%
East East
98%
Four Four
96%
Song Song
96%
Girl Girl
95%
Trip Trip
94%
Bath Bath
92%
No matching quizzes found
Score Distribution
Percent of People with Each Score
Percentile by Number Answered
Your Score History
You have not taken this quiz